name that linkin park song, hard - Statistics

General Stats
  • This quiz has been taken 1,146 times
    1,128 since last reset
  • The average score is 7 of 14
Answer Stats
Hint Answer % Correct
tired of being what you want me to be numb
92%
one thing... in the end
88%
i close both locks below the window.... shadow of the day
69%
god save us everyone the catalyst
66%
im strong on the surface leave out all the rest
55%
like an army, falling... in my remains
51%
test my will, test my heart lost in the echo
51%
its not the way i had imagined it all in my mind somewhere i belong
51%
may your love never end roads untravelled
47%
you hid your skeletons powerless
39%
the secret ive kept locked away easier to run
36%
im stuck in this bed you made blackout
29%
tell us all again how to do what you say guilty all the same
28%
bonus uber question: this song ends with a baby crying until its gone
24%
No matching quizzes found
Score Distribution
Percent of People with Each Score
Percentile by Number Answered
Your Score History
You have not taken this quiz since the last reset